000 00403cam a2200169ua 4500
020 _c1.50
041 _amal
_h
082 _a894.812308
_bKHA/OR
100 _aKhader, U.A .
245 _aOru Mappila penninte kadha /
_cU.A.Khader.
_hTextual Documents
260 _aCalicut :
_bP.K.Brothers ,
_c1960.
300 _a112 ; .
365 _a1.50
504 _a
942 _cBK
999 _c671
_d671